| 000 | 00000nam 2200000za 4500 |
| 001 | 9.838033 |
| 003 | CaOODSP |
| 005 | 20221107151301 |
| 007 | cr ||||||||||| |
| 008 | 170609s1977 onc #o f000 0 fre d |
| 040 | |aCaOODSP|bfre |
| 041 | |afre|aeng |
| 043 | |an-cn--- |
| 086 | 1 |aR5-247/1977-PDF |
| 100 | 1 |aSaigaonkar, D. G. |
| 245 | 10|aEducational staff record 1976-1977 |h[ressource électronique] = |bÉtat de service du personnel éducatif 1976-1977 / |cD.G. Saigaonkar. |
| 246 | 11|aÉtat de service du personnel éducatif 1976-1977 |
| 260 | |a[Ottawa?] : |bProgramme des Affaires indiennes et esquimaudes, Division de la statistique de Programme, |c1977. |
| 300 | |a7, [2] p. |
| 500 | |a« Le 17 juin 1977. » |
| 500 | |aÉdition numérisée de l’imprimé [par Affaires autochtones et du Nord Canada]. |
| 520 | |a« Statistiques Canada recueille des renseignements sur les enseignants et le personnel paraprofessionnel des écoles élémentaires et secondaires du Canada. Les méthodes de rassemblement de ces données ont été informatisées à partir de l'année scolaire 1973-1974. Les données de 1975-76 ont été imprimées sur les formulaires avant leur expédition à leurs destinataires régionaux pour la mise à jour visant l'année 1976-77. » -- Introduction, p. 2. |
| 546 | |aTexte en français et en anglais. |
| 692 | 07|2gccst|aIndiens |
| 692 | 07|2gccst|aEnseignant |
| 692 | 07|2gccst|aStatistiques |
| 710 | 1 |aCanada.|bAffaires indiennes et du Nord. |
| 710 | 2 |aProgramme des affaires indiennes et esquimaudes (Canada). |
| 791 | |tEducational staff record 1976-1977 |eeng|w(CaOODSP)9.838031 |
| 856 | 40|qPDF|s2.38 Mo|uhttps://publications.gc.ca/collections/collection_2017/aanc-inac/R5-247-1977.pdf |